Mexico National Team Guess as many players as you can - Statistics

General Stats
  • This quiz has been taken 9 times
  • The average score is 14 of 58
Answer Stats
Position Club (Last played for) Kit Number Answer % Correct
GK AVS Futebol SAD #13 Guillermo Ochoa
71%
GK Club America #1 Luis Malagon
71%
RW LAFC #10 Carlos Vela
57%
LW Toluca #9 Alexis Vega
43%
GK Santos Laguna #26 Carlos Acevedo
43%
CB FC Lokomotiv Moscow #3 Cesar Montes
43%
RB Club America #3 Israel Reyes
43%
ST Chivas #14 Javier Hernandez
43%
LB Toluca #23 Jesus Gallardo
43%
CB FC Barcelona #4 Rafael Marquez
43%
GK Chivas #1 Raul Rangel
43%
ST AC Milan #7 Santiago Gimenez
43%
CDM Cruz Azul #6 Erik Lira
29%
LB Monterrey #6 Gerardo Arteaga
29%
CAM Club America #6 Giovani Dos Santos
29%
ST Club America #21 Henry Martin
29%
LW San Diego F.C. #11 Hirving Lozano
29%
LB Tigres #27 Jesus Angulo
29%
GK Club Tijuana #1 Jesus Corona
29%
RW Monterrey #17 Jesus Corona
29%
CM Club America #6 Jonathan Dos Santos
29%
RB Cruz Azul #19 Jorge Sanchez
29%
RB AFC Bournemouth #2 Julian Araujo
29%
ST Al-Qadsiah #33 Julian Quinones
29%
CM FC Dynamo Moscow #24 Luis Chavez
29%
CDM Chivas #17 Luis Romo
29%
LB AZ Alkmaar #50 Mateo Chavez
29%
CAM AEK Athens #13 Orbelin Pineda
29%
GK Santos Laguna #1 Oswaldo Sanchez
29%
ST Fulham #7 Raul Jimenez
29%
RW Chivas #25 Roberto Alvarado
29%
GK Club America #12 Rodolfo Cota
29%
RB FC Copenhagen #13 Rodrigo Huescas
29%
RB Chivas #2 Alan Mozo
14%
GK FC Juarez #12 Alfredo Talavera
14%
LW R.S.C. Anderlecht #12 Cesar Huerta
14%
CAM Cruz Azul #19 Charly Rodriguez
14%
RW Tigres #16 Diego Lainez
14%
CDM West Ham #4 Edson Alvarez
14%
CB Monterrey #15 Hector Moreno
14%
CB Cruz Azul #13 Jesus Orozco
14%
CB Genoa #5 Johan Vasquez
14%
GK Puebla #19 Jorge Campos
14%
RB Club America #26 Kevin Alvarez
14%
CB Club America #15 Ramon Juarez
14%
ST Chivas #9 Alan Pulido
0%
CM Club Leon #18 Andres Guardado
0%
CB Monterrey #3 Carlos Salcedo
0%
CM Chivas #15 Erick Gutierrez
0%
CM Club America #20 Erick Sanchez
0%
ST Pumas #29 Funes Mori
0%
CM Toluca #16 Hector Herrera
0%
GK Puebla #13 Julio Gonzalez
0%
LW Tigres #24 Marcelo Flores
0%
CM Toluca #14 Marcel Ruiz
0%
CB Club America #2 Nestor Araujo
0%
CAM Tigres #17 Sebastian Cordova
0%
RW Tigres #22 Uriel Antuna
0%
No matching quizzes found
Score Distribution
Percent of People with Each Score
Percentile by Number Answered
Your Score History
You have not taken this quiz